| 000 | 04720nam a2200373 i 4500 | ||
|---|---|---|---|
| 001 | 000028464 | ||
| 003 | DO-SdBNP | ||
| 005 | 20260220134910.0 | ||
| 007 | ta | ||
| 008 | 110408s2010 dr ab 001 0 spa d | ||
| 020 | _a9789993467618 | ||
| 040 |
_aDO-SdBNP _bspa _cBNPHU _erda |
||
| 041 | _aspa | ||
| 082 | 4 |
_a880.38 _bB828a 2010 _222 |
|
| 100 | 1 |
_aNuñez Polanco, Diómedes _d1952- _983559 _eautor _4aut. |
|
| 245 | 1 | 0 |
_aAntología del pensamiento helénico / _cLuis O. Brea Franco, presentación, José Henríquez Almánzar. |
| 250 | _aSegunda edición | ||
| 264 |
_aSanto Domingo, República Dominicana : _bEditora Búho, _c2010. |
||
| 300 |
_a462 páginas : _bilustraciones, mapas ; _c23 cm. |
||
| 336 |
_atexto _btxt _2rdacontent |
||
| 337 |
_asin mediación _bn _2rdamedia |
||
| 338 |
_avolumen _bnc _2rdacarrier |
||
| 500 | _aIncluye notas al pie de las páginas e índice onomástico. | ||
| 500 | _aIncluye índice onomástico | ||
| 505 | _aEpígrafe página, 13 -- A Manera de Pórtico, León David, 15 -- Acogida al Lector, 21 -- Presentación de la primera edición, José Henríquez Almánzar, 35 -- Capítulo 1 / Las primeras Voces, 39 -- Homero, 39 -- Hesíodo, 42 -- Capitulo 11 -- El hombre sensible, 51 -- Fragmentos de Lírica popular, 51 -- Alemán, 52 -- Tirteo, 52 /--Arquíloco, 52 -- Solón, 54 -- Estesícoro, 54 -- Ibico, 54 -- Jenofanes, 54 -- Simonides, 54 -- Alceo, 56 -- Safo, 57 -- Anacreonte, 59 -- Píndaro, 60 -- Baquílides, 64 -- Praxila de Sición, 66 -- Capítulo 111 -- El origen de la filosofía, 67 -- Milesios, 67 -- Heráclito de Éfeso, 67 -- Parménides, 70 -- Pitágoras, 73 -- Capítulo 1V -- La cuestión en torno al hombre, 77 -- Esquilo, 77 -- Sófocles, 83 -- Eurípides, 92 -- Tucídides, 100 -- Protágoras de Abdera, 111 -- Gorgias, 113-- Pródicos de Ceos, 116 -- Aristófanes, 116 / Sócrates, 121 -- Capítulo V/ “En busca del Centro Divino”, 141 -- La cuestión de la permanencia y el movimiento, 141 -- La experiencia de Platón, 143 -- La figura del filósofo, 152 -- La dialéctica, 156 -- La iniciación del filósofo, 159 -- El filósofo y la muerte, 170 / El bien, 194 -- La caverna, 201 -- El compromiso político del filósofo, 205 -- La esencia del alma, 206 -- El cuidado del cuerpo y del alma, 219 -- Capítulo V1 -- La Culminación de la filosofía, 227 -- El origen y los grados del saber, 227 -- Consideraciones sobre la investigación de la verdad, 231 -- El planteamiento del problema: origen del método, 232 -- Las categorías, 233 -- La definición de la nociones fundamentales, 233 / Las sustancias, 256 / El principio de no-contradicción, 257 -- El objeto de la filosofía, 260 -- La sustancia como principal sentido del “Ente”, 264 -- Necesidad de un primer motor eterno, 267 -- Naturaleza del Intelecto divino, 270 -- Inmanencia y trascendencia del Bien, 271 -- Las ciencias teóricas, 273 -- La naturaleza (physis), 275 -- La esencia del movimiento, 277 -- Las condiciones del devenir, 279 -- El alma, 283 / El hombre: animal social, 283 -- La vida más deseable, 286 -- El ambiente para la educación, 287 -- La búsqueda de la naturaleza del bien humano, 287 -- La virtud se origina en la costumbre, 293 -- La magnanimidad, 294 -- Análisis de la disposición del alma racional, 298 -- Sobre la amistad, 304 -- En torno a la esencia del placer, 307 -- La esencia de la felicidad, 309 -- Capítulo V11 -- El Surgimiento de la “Episteme”, 313 -- Zenón de Elea, 313 --Empédocles de Acragas, 315 -- Anaxágoras de Clazomenes, 317 -- Los atomistas, 320 -- Hipócrates, 324 / Teofrasto, 327 -- Prolomeo, 328 -- Proclo de Licias, 329 --Capítulo V111 -- El Helenismo, 337 -- Epicuro, 337 -- Plotino, 340 -- Apéndices, 351-- Mapa de Grecia, 351 -- Plano de Atenas, 352 -- Tabla cronológica, 353 --Léxico filosófico griego, 358 -- Bibliografía básica, 394 -- Epilogo, 423 -- El asombro como actitud, 423 -- Juicios Críticos, 437 -- Presentación de la Antología Mínima del pensamiento Helénico, por Manuel Rueda, 438 -- Antología del pensamiento: una selección panorámica y ordenada, por María Del Carmen Prodoscimi, 439 --Antología del Pensamiento Helénico de Luis Brea Franco por Mariano Lebrón Saviñón, 442 -- Antología del Pensamiento Helénico de Luis Brea Franco Por Francisco Comarazamy, 448 | ||
| 590 | _aInventariado, 2023/BT | ||
| 650 | 4 |
_aHelenismo _xEnsayos, conferencias, etc. _936162 |
|
| 650 | 4 |
_aCivilización griega _936163 |
|
| 650 | 4 |
_aFilosogía griega _936164 |
|
| 650 | 4 |
_aLiteratura griega _xHistoria y crítica _928930 |
|
| 700 | 1 |
_aHenríquez Almánzar, José, _epresentador _936165 _4present. |
|
| 910 | _aValidado. Control de calidad EMS | ||
| 942 |
_2ddc _cLBS1 |
||
| 999 |
_c27956 _d27956 |
||